| 000 | 00828cab a2200253 4500 | ||
|---|---|---|---|
| 001 | WB3018-32 | ||
| 008 | 090401t1994 xxu||||| |||| 00| 0 eng d | ||
| 035 | _a(Sirsi) u47283 | ||
| 041 | _aeng | ||
| 245 | _aHousing uplift | ||
| 260 | _c1994 | ||
| 350 | _a0 | ||
| 490 |
_aFinancial Times _v11 May 1994, 9(1) |
||
| 520 | _aProposals from the Association of Residential Letting Agents and the independent Housing Investment Group, urge government to adopt measures to encourage greater investment in the private rented-housing sector. | ||
| 650 | _aASSOCIATION OF RESIDENTIAL LETTING AGENTS | ||
| 650 | _aAUTHORISED HOUSING INVESTMENT TRUSTS | ||
| 650 | _aBONDS | ||
| 650 | _aHOUSING INVESTMENT | ||
| 650 | _aRENTED HOUSING | ||
| 650 | _aTRUSTS | ||
| 690 | _aHOUSING-FINANCE | ||
| 942 | _n0 | ||
| 948 | _c04/03/1997 | ||
| 999 |
_c29821 _d29821 |
||